Statystyki dla Geografia Polski na literę W (z mapą) (KonkursS)

Kliknij tutaj aby rozwiązać quiz!

Ogólne statystyki

  • Ten quiz został rozwiązany 68 razy
  • Średni wynik to 9 z 18

Odpowiedzi na mapie

Odpowiedzi skodowane kolorowo w zielono-czerwonej skali na mapie do tego quizu, zgodnie z poniższymi procentami.
 

Statystyki odpowiedzi

Odpowiedź% Poprawnych
Warszawa
93%
Wielkopolskie
88%
Wisła
85%
Wrocław
85%
Warta
80%
Wałbrzych
63%
Włocławek
59%
Wieprz
47%
Powiat Wrocławski
44%
Powiat Wałbrzyski
41%
Wisłok
37%
Powiat Wejherowski
34%
Powiat Włocławski
34%
Wadowice
31%
Powiat Warszawski Zachodni
24%
Waligóra
10%
Wołowiec
5%
Wołowa Turnia
2%

Rozkład punktacji

Percentyl według liczby udzielonych odpowiedzi

Procent ludzi z każdym wynikiem

Twoja historia wyników

Nie rozwiązałeś tego quizu